Statistics for Most Taken JetPunk Account by Letter

Click here to take the quiz!

General Stats

  • This quiz has been taken 10 times
  • The average score is 9 of 27

Answer Stats

TakesUser% Correct
S15,431,162Stewart
90%
J11,266,900Jerry928
70%
R18,653,350Relessness
70%
Q13,824,766Quizzer6794
60%
G7,489,599Gamer1162
50%
V2,124,878Vicky
50%
A2,765,714Aaron197
40%
K6,176,778KoljiVriVoda
40%
W3,033,837WolfCam
40%
B1,096,274BolyaiAnna
30%
C1,696,727CBTemple
30%
H1,462,777HinesBrothers
30%
L2,678,334LBA
30%
N1,271,847Nichster
30%
O1,034,447Overtired
30%
U122,094UG332
30%
E875,093Elboy
20%
F533,379Fouquets
20%
I505,378Interopia
20%
M2,305,907Miki2003
20%
Y1,404,156Youtubeplayer
20%
D696,746Daigoro
10%
P1,115,973Pandora49
10%
T1,291,060ThirdParty
10%
X148,830X2theB
10%
Z538,255Zwizdan007
10%
#99,311100Greats
0%

Score Distribution

Percentile by Number Answered

Percent of People with Each Score

Your Score History

You have not taken this quiz